[Event "Moscow op-B"]
[Site "Moscow"]
[Date "2009.02.08"]
[Round "9"]
[White "Andreanov, Vassily"]
[Black "Volodin, Andrej"]
[Result "1/2-1/2"]
[WhiteElo "1400"]
[BlackElo "1400"]
[PlyCount "43"]
[EventDate "2009.01.31"]
[EventType "swiss"]
[EventRounds "9"]
[EventCountry "RUS"]
[SourceTitle "EXT 2023"]
[Source "ChessBase"]
[SourceDate "2022.10.05"]
[SourceVersion "1"]
[SourceVersionDate "2022.10.05"]
[SourceQuality "1"]

1. d4 c6 2. e4 d5 3. e5 Bf5 4. Bd3 Bxd3 5. Qxd3 e6 6. Nf3 Nd7 7. b3 Ne7 8. Ba3 Ng6 9. Bxf8 Ngxf8 10. Nc3 Ng6 11. Ne2 0-0 12. 0-0 Rc8 13. c4 c5 14. Rfc1 Qb6 15. g3 Ne7 16. a3 Nf5 17. b4 dxc4 18. Rxc4 cxd4 19. Rac1 Rxc4 20. Rxc4 Rd8 21. Nexd4 Nxd4 22. Rxd4 1/2-1/2

[Event "Moscow op-B"]
[Site "Moscow"]
[Date "2009.02.03"]
[Round "4"]
[White "Martov, Vadim"]
[Black "Andreanov, Vassily"]
[Result "1-0"]
[WhiteElo "2002"]
[BlackElo "1400"]
[PlyCount "59"]
[EventDate "2009.01.31"]
[EventType "swiss"]
[EventRounds "9"]
[EventCountry "RUS"]
[SourceTitle "EXT 2012"]
[Source "ChessBase"]
[SourceDate "2011.11.24"]
[SourceVersion "1"]
[SourceVersionDate "2011.11.24"]
[SourceQuality "1"]

1. d4 e5 2. dxe5 Nc6 3. Nf3 Qe7 4. g3 Nxe5 5. Bg2 Nxf3+ 6. Bxf3 c6 7. 0-0 d6 8. Nc3 Qc7 9. Qd4 Be7 10. Bf4 Nf6 11. Rfd1 0-0 12. Bxd6 Bxd6 13. Qxd6 Qxd6 14. Rxd6 Be6 15. Rad1 Ne8 16. R6d2 Nc7 17. Kg2 Rfe8 18. Ne4 Bd5 19. Nd6 Bxf3+ 20. Kxf3 Reb8 21. Nxb7 Ne6 22. Rd7 h6 23. b3 a5 24. a4 Ra7 25. Nc5 Ng5+ 26. Kg2 Raa8 27. h4 Nh7 28. Rc7 Rc8 29. Rdd7 Rxc7 30. Rxc7 1-0